000 00220 a2200097 4500
001 19656
100 _aAtkinson P
245 _aFeedback control theory for engineers
260 _a
_bPlenum
_c1968
090 _c14323
_d14323
942 _aNUST-CAE
_cM
_c4807
999 _c254729
_d254729